Giải đáp các vấn đề về thủ tục gia nhập WTO
Trình bày kiến thức cơ bản về WTO. Giải đáp các vến đề về WTO. WTO và Trung Quốc trong thế kỷ XXI. Vấn đề gia nhập WTO và việc mở cửa thị trường nông sản, hàng công nghiệp, và việc bảo hộ quyền sở hữu trí tuệ. Gia nhập WTO và vòng đàm phán thứ 9 về mậu dịch nhiều bên...
Kaydedildi:
| Diğer Yazarlar: | |
|---|---|
| Materyal Türü: | Kitap |
| Dil: | Vietnamese |
| Baskı/Yayın Bilgisi: |
H.
Thế giới
2005
|
| Konular: | |
| Etiketler: |
Etiketle
Etiket eklenmemiş, İlk siz ekleyin!
|
| Thư viện lưu trữ: | Mạng thư viện Đại học Đà Nẵng |
|---|
| LEADER | 01376nam a2200325 4500 | ||
|---|---|---|---|
| 001 | 000007392 | ||
| 003 | 3553 | ||
| 005 | 20111003091055.0 | ||
| 008 | 111003s2005 viesd | ||
| 020 | |c 67000đ | ||
| 041 | 0 | |a vie | |
| 082 | |a 382.91 |b QU-Đ | ||
| 245 | 0 | |a Giải đáp các vấn đề về thủ tục gia nhập WTO | |
| 260 | |a H. |b Thế giới |c 2005 | ||
| 300 | |a 493 tr |c 21 cm | ||
| 520 | |a Trình bày kiến thức cơ bản về WTO. Giải đáp các vến đề về WTO. WTO và Trung Quốc trong thế kỷ XXI. Vấn đề gia nhập WTO và việc mở cửa thị trường nông sản, hàng công nghiệp, và việc bảo hộ quyền sở hữu trí tuệ. Gia nhập WTO và vòng đàm phán thứ 9 về mậu dịch nhiều bên | ||
| 653 | |a Thương mại quốc tế | ||
| 653 | |a Gia nhập | ||
| 700 | |a Quốc Đạt | ||
| 910 | |a Nguyễn Thị Kim Oanh |d 03/10/2011 | ||
| OWN | |a LSP | ||
| AVA | |a UDN50 |b LSP |d 382.91 QU-Đ |e available |t Error 5001 Not defined in file expand_doc_bib_avail. |f 1 |g 0 |h N |i 0 |k 1 | ||
| 999 | |a From the UDN01 | ||
| AVA | |a UDN50 |b LSP |d 382.91 QU-Đ |e available |t Error 5001 Not defined in file expand_doc_bib_avail. |f 1 |g 0 |h N |i 0 |k 1 | ||
| TYP | |a Monograph | ||
| TYP | |a Printed language | ||
| 980 | |a Mạng thư viện Đại học Đà Nẵng | ||